| 000 | 00654nam a2200205 i 4500 | ||
|---|---|---|---|
| 001 | 60224 | ||
| 003 | ES-MaACL | ||
| 007 | t| | ||
| 008 | 031103s1944 cl ||||1| spa d | ||
| 100 | 1 |
_aEscribar Mandiola, Héctor. _947646 |
|
| 245 | 1 | 0 |
_aTratado de Derecho de trabajo / _cHéctor Escribar Mandiola ; prólogo de Francisco Walter Linares. |
| 260 |
_a[Santiago de Chile : _bZig-Zag, _c1944] |
||
| 300 |
_a512 p. ; _c21 cm. |
||
| 490 | 1 | _aBiblioteca jurídica | |
| 500 | _aEs el t. 1. | ||
| 700 | 1 |
_aWalter Linares, Francisco. _9116010 |
|
| 830 | 0 |
_aBiblioteca jurídica _9181793 |
|
| 852 |
_aES-MaACL _jE-3564 _bR.24038 |
||
| 999 |
_c60224 _d60224 |
||